Africa Countries in Squares Quiz Stats

 Plays Quiz Updated Oct 2, 2019

Score 0/18 Timer 04:00
13 Plays Today
% Correct
We the North
92.6%
Dry Egypt
91.3%
Libya +1
90%
Madagascar +1
89.1%
Islands
88.6%
Spanish exclaves
bordering Morocco
88.3%
Solo Namibia
85.7%
Somalia + Uganda
85.1%
Landlocked &
single neighbor
84.9%
% Correct
Congos, not Togos
83.3%
Angola & Namibia
no Malawi
81.5%
The Gambia
78.5%
Togo, Mali, Chad
74.7%
Lusaka country
73.4%
Vanilla Guinea
72.9%
Only the only Egypt
68.8%
Country = Capital
67.6%
People, not land
57%

You're not logged in!

Compare scores with friends on all Sporcle quizzes.
OR
Log In

Sporcle TV

Today on Sporcle TV


Watch our educational content, quiz creation guides, and fun videos on Sporcle TV.

Show Comments

Extras

Top Quizzes Today


Score Distribution

Your Account Isn't Verified!

In order to create a playlist on Sporcle, you need to verify the email address you used during registration. Go to your Sporcle Settings to finish the process.

Report this User

Report this user for behavior that violates our Community Guidelines.

Details: